From menarche to menopause : (Record no. 1637)
[ view plain ]
| 000 -LEADER | |
|---|---|
| fixed length control field | 02059cam a2200253 4500 |
| 001 - CONTROL NUMBER | |
| control field | 2089 |
| 005 - DATE AND TIME OF LATEST TRANSACTION | |
| control field | 20181127164534.0 |
| 008 - FIXED-LENGTH DATA ELEMENTS--GENERAL INFORMATION | |
| fixed length control field | 030819s2004 nyu b 001 0 eng |
| 010 ## - LIBRARY OF CONGRESS CONTROL NUMBER | |
| LC control number | 2003018226 |
| 020 ## - INTERNATIONAL STANDARD BOOK NUMBER | |
| International Standard Book Number | 0789023490 (hbk. : alk. paper) |
| International Standard Book Number | 0789023504 (pbk. : alk. paper) |
| 245 00 - TITLE STATEMENT | |
| Title | From menarche to menopause : |
| Remainder of title | the female body in feminist therapy / |
| Statement of responsibility, etc. | Joan C. Chrisler, editor. |
| 260 ## - PUBLICATION, DISTRIBUTION, ETC. | |
| Place of publication, distribution, etc. | Binghamton, NY : |
| Name of publisher, distributor, etc. | Haworth Press, |
| Date of publication, distribution, etc. | c2004. |
| 300 ## - PHYSICAL DESCRIPTION | |
| Extent | 218 p. ; |
| Dimensions | 23 cm. |
| 500 ## - GENERAL NOTE | |
| General note | ""Co-published simultaneously as Women & Therapy, vol. 27, no. 3/4 2004."" |
| 504 ## - BIBLIOGRAPHY, ETC. NOTE | |
| Bibliography, etc. note | Includes bibliographical references and index. |
| 505 0# - FORMATTED CONTENTS NOTE | |
| Formatted contents note | Self-objectification and that ""not so fresh feeling"": feminist therapeutic interventions for healthy female embodiment / Tomi-Ann Roberts, Patricia L. Waters -- Making menarche positive and powerful for both mother and daughter / Jessica B. Gillooly -- Negative attitudes toward menstruation: implications for disconnections within girls and between women / Margaret L. Stubbs, Daryl Costos -- The debate about PMDD and sarafem: suggestions for therapists / Paula J. Caplan -- Abortion and mental health: what therapists need to know / Lisa Rubin, Nancy Felipe Russo -- Psychological issues and interventions with infertile patients / Ann Rosen Spector -- The aftermath of pregnancy loss: a feminist critique of the literature and implications for treatment / Lisa Cosgrove -- The use of rituals in grieving for a miscarriage or stillbirth / Deborah J. Brin -- Psychological issues in childbirth: potential roles for psychotherapists / Ingrid Johnston-Robledo, Jessica Barnack -- Myths and mates in childbearing depression / Valerie E. Whiffen -- Coping with distress during preimenopause / Paula S. Derry -- Facing the unknown: social support during the menopausal transition / Patricia Barthalow Koch, Phyllis Kernoff Mansfield. |
| 650 #0 - SUBJECT ADDED ENTRY--TOPICAL TERM | |
| Topical term or geographic name entry element | Body image. |
| Topical term or geographic name entry element | Feminist therapy. |
| Topical term or geographic name entry element | Menarche. |
| Topical term or geographic name entry element | Menopause. |
| 700 1# - ADDED ENTRY--PERSONAL NAME | |
| Personal name | Chrisler, Joan C. |
| 730 0# - ADDED ENTRY--UNIFORM TITLE | |
| Uniform title | Women & therapy. |
| Withdrawn status | Lost status | Source of classification or shelving scheme | Damaged status | Not for loan | Collection code | Home library | Current library | Shelving location | Serial Enumeration / chronology | Inventory number | Total Checkouts | Full call number | Barcode | Date last seen | Price effective from | Koha item type |
|---|---|---|---|---|---|---|---|---|---|---|---|---|---|---|---|---|
| Dewey Decimal Classification | Main TEST | RTC Library | RTC Library | Main opac | 2532 | 616.89 CHR | 30003269 | 27/11/2018 | 27/11/2018 | Main |